Normal view
MARC view
- ابو فارة،يوسف احمد
Entry Personal Name
001 - CONTROL NUMBER
- control field: 29112
003 - CONTROL NUMBER IDENTIFIER
- control field: JO-AjAnu
005 - DATE AND TIME OF LATEST TRANSACTION
- control field: 20230606074927.0
008 - FIXED-LENGTH DATA ELEMENTS
- fixed length control field: 230606|| aca||aabn | a|a d
040 ## - CATALOGING SOURCE
- Original cataloging agency: JO-AjAnu
- Transcribing agency: JO-AjAnu
100 ## - HEADING--PERSONAL NAME
- Personal name: ابو فارة،يوسف احمد
670 ## - SOURCE DATA FOUND
- Source citation: Work cat.: (JO-AjAnu)14944: ابو فارة،يوسف احمد, author, التسويق الالكتروني:عناصر المزيج التسويقي عبر الانترنت